| 000 | 00355cam a22001217a 4500 | ||
|---|---|---|---|
| 008 | 180718b1958 xxu||||| |||| 00| 0 eng d | ||
| 082 | _aT39 M892 | ||
| 100 | _aMuhammad, V.A. Seyid | ||
| 245 |
_aThe legal framework of world trade _cby V.A. Seyid Muhammad |
||
| 260 |
_aLondon _bStevens _c1958 |
||
| 300 | _a348p. | ||
| 650 | _aForeign Commerece -Legal espects | ||
| 999 |
_c374610 _d374610 |
||